[Event "ICS rated blitz match"]
[Site "204.178.125.65"]
[Date "2001.09.10"]
[Round "?"]
[White "Hossa"]
[Black "Earth"]
[Result "1-0"]
[WhiteElo "2591"]
[BlackElo "2214"]
[PlyCount "71"]
[EventDate "2001.??.??"]

1. d4 Nf6 2. Nf3 g6 3. g3 Bg7 4. Bg2 O-O 5. O-O d6 6. a4 Nbd7 7. Nc3 c5 8. a5
Rb8 9. d5 b5 10. axb6 axb6 11. Bf4 b5 12. Ng5 b4 13. Na4 Nb6 14. Nxb6 Qxb6 15.
Qd2 Nd7 16. Rfb1 Ne5 17. Bxe5 Bxe5 18. Bh3 Bxh3 19. Nxh3 Ra8 20. Qh6 Bg7 21.
Qc1 c4 22. Nf4 Rfc8 23. c3 Rab8 24. e4 Qc5 25. Qd2 bxc3 26. bxc3 Rb3 27. Rc1
Rcb8 28. Qe1 Rb2 29. Ra6 R8b6 30. Ra7 Rb7 31. Ra8+ Rb8 32. Rca1 R2b3 33. R1a6
Bxc3 34. Rxb8+ Kg7 35. Qc1 Bb2 36. Nh5+ {Earth resigns} 1-0

[Event "ICS rated blitz match"]
[Site "204.178.125.65"]
[Date "2001.09.10"]
[Round "?"]
[White "monsoon"]
[Black "Hossa"]
[Result "0-1"]
[WhiteElo "2659"]
[BlackElo "2594"]
[PlyCount "92"]
[EventDate "2001.??.??"]

1. Nc3 c5 2. e3 d5 3. Bb5+ Nc6 4. Nf3 Nf6 5. Ne5 Qc7 6. d4 e6 7. Ba4 a6 8. Nxc6
bxc6 9. e4 Nxe4 10. Nxe4 dxe4 11. c3 Bb7 12. Be3 O-O-O 13. O-O cxd4 14. cxd4
Bd6 15. g3 h5 16. Rc1 h4 17. Qg4 hxg3 18. fxg3 f5 19. Qg6 Kb8 20. Qg5 Ba8 21.
Rf2 Rh3 22. Rg2 Rdh8 23. Rc3 R3h5 24. Qg6 Qe7 25. Bxc6 Bxc6 26. Rxc6 R8h6 27.
Qxh5 Rxh5 28. Rxd6 Kb7 29. Bf4 g5 30. Be5 Qc7 31. Rf2 e3 32. Re2 Qc4 33. Rd7+
Kb6 34. Re1 Qc2 35. Rd6+ Kb5 36. a4+ Kb4 37. Rb6+ Ka5 38. Rb5+ axb5 39. Bc7+
Kxa4 40. b3+ Ka3 41. Ra1+ Kb2 42. h4 Qxc7 43. Kf1 Qxg3 44. Ra2+ Kxa2 45. Ke2
Qf2+ 46. Kd3 Qd2# {monsoon checkmated} 0-1

[Event "ICS rated blitz match"]
[Site "204.178.125.65"]
[Date "2001.09.10"]
[Round "?"]
[White "Hossa"]
[Black "monsoon"]
[Result "0-1"]
[WhiteElo "2613"]
[BlackElo "2640"]
[PlyCount "184"]
[EventDate "2001.??.??"]

1. Nf3 d5 2. d4 Nc6 3. g3 Nf6 4. Bf4 e6 5. e3 h6 6. c3 Bd7 7. Bd3 g5 8. Be5 g4
9. Nfd2 Rg8 10. O-O Nxe5 11. dxe5 Nh5 12. e4 Qg5 13. exd5 exd5 14. Qb3 O-O-O
15. Qxd5 Bc6 16. Qc4 Qxe5 17. Qxf7 Nf6 18. Nc4 Qg5 19. Qe6+ Kb8 20. Qf5 Rd5 21.
Qxg5 Rgxg5 22. Bc2 Bg7 23. Re1 h5 24. b4 h4 25. Na5 Bd7 26. gxh4 Rh5 27. c4 Rd4
28. Re7 Bf8 29. Rf7 Bxb4 30. Rxf6 Rxa5 31. a3 Bd6 32. Rh6 Rxc4 33. Rh8+ Bc8 34.
Ra2 Bf4 35. Kg2 c6 36. Bg6 Re5 37. Rb2 Rc1 38. f3 gxf3+ 39. Kxf3 Be3 40. Nd2
Bd4 41. Rb3 Rd1 42. Rd3 c5 43. Rf8 Rg1 44. h5 Reg5 45. Re8 b5 46. Ne4 Rf1+ 47.
Ke2 Rgg1 48. Rg3 Re1+ 49. Kd2 Rd1+ 50. Kc2 Rc1+ 51. Kd2 Rcd1+ 52. Kc2 Rc1+ 53.
Kd2 Rgd1+ 54. Ke2 Re1+ 55. Kd2 Rcd1+ 56. Kc2 Ra1 57. Nc3 Rxe8 58. Bxe8 Bf5+ 59.
Kb3 Be6+ 60. Kc2 a6 61. Ne4 Ra2+ 62. Kd1 Rxh2 63. Nd2 Rh1+ 64. Ke2 Ka7 65. Bg6
Be5 66. Rg2 Bh3 67. Rf2 Bg4+ 68. Kd3 Bxh5 69. Bxh5 c4+ 70. Ke4 Rxh5 71. Nf1 Bd6
72. Ra2 Bc5 73. Ra1 Rh3 74. a4 Kb6 75. axb5 axb5 76. Nd2 Rh4+ 77. Kf3 b4 78.
Rc1 Kb5 79. Kg3 Rd4 80. Nf3 Rd3 81. Rb1 c3 82. Rc1 b3 83. Kg2 Be3 84. Rh1 c2
85. Rc1 Bxc1 86. Ne1 Re3 87. Nxc2 bxc2 88. Kf2 Bd2 89. Kg2 c1=Q 90. Kf2 Qb2 91.
Kg1 Bc3 92. Kf1 Re1# {Hossa checkmated} 0-1

[Event "ICS rated blitz match"]
[Site "204.178.125.65"]
[Date "2001.09.10"]
[Round "?"]
[White "Lightning"]
[Black "Hossa"]
[Result "1/2-1/2"]
[WhiteElo "2174"]
[BlackElo "2598"]
[PlyCount "120"]
[EventDate "2001.??.??"]

1. e4 c5 2. Nf3 d6 3. d4 cxd4 4. Nxd4 Nf6 5. Nc3 a6 6. f4 g6 7. Nf3 Bg7 8. e5
Ng4 9. h3 Nh6 10. exd6 Bxc3+ 11. bxc3 exd6 12. Bd3 O-O 13. O-O Re8 14. Re1 Be6
15. c4 Nd7 16. Bf1 Nc5 17. Bb2 f6 18. Qd4 Kg7 19. g4 Nf7 20. g5 Kg8 21. Qxf6
Qxf6 22. Bxf6 Bf5 23. Nd4 Be4 24. Re3 h6 25. h4 hxg5 26. hxg5 Bc6 27. Rae1 Rxe3
28. Rxe3 Re8 29. Rxe8+ Bxe8 30. Bg2 b6 31. Bd5 Kf8 32. f5 Ne5 33. Ne6+ Nxe6 34.
fxe6 Ba4 35. c3 Nd3 36. Bb7 Nc5 37. Bd5 Nd3 38. Bd8 Nf4 39. e7+ Ke8 40. Be4 Bd7
41. Kf2 Bf5 42. Kf3 Bxe4+ 43. Kxe4 Ne2 44. Kd3 Nf4+ 45. Kd4 Ne2+ 46. Kd5 Kd7
47. e8=Q+ Kxe8 48. Bxb6 Kd7 49. Bd4 Nf4+ 50. Ke4 Ne6 51. c5 dxc5 52. Be3 Kd6
53. c4 Nd8 54. Bf4+ Ke6 55. Be3 Kd6 56. Bf4+ Ke6 57. Be3 Kd6 58. Bf4+ Ke6 59.
Be3 Kd6 60. Bf4+ Ke6 {Game drawn by repetition} 1/2-1/2

[Event "ICS rated blitz match"]
[Site "204.178.125.65"]
[Date "2001.09.10"]
[Round "?"]
[White "Hossa"]
[Black "ExtremeGambit"]
[Result "0-1"]
[WhiteElo "2585"]
[BlackElo "2748"]
[PlyCount "75"]
[EventDate "2001.??.??"]

1. Nf3 d5 2. d4 Nf6 3. c4 c6 4. Qb3 dxc4 5. Qxc4 Bf5 6. Nc3 e6 7. e3 Nbd7 8.
Nh4 Bg4 9. h3 Bh5 10. Be2 Nb6 11. Qd3 Bxe2 12. Qxe2 Bb4 13. Bd2 Bxc3 14. Bxc3
Nbd5 15. Nf3 Nxc3 16. bxc3 O-O 17. e4 Qa5 18. Rc1 c5 19. O-O Rac8 20. Rb1 Rc7
21. Rb3 cxd4 22. cxd4 Rfc8 23. Qd3 b6 24. Ra3 Qb4 25. Ng5 h6 26. Nf3 Qb2 27.
Ra4 Rc1 28. Rxc1 Rxc1+ 29. Kh2 Rc3 30. Qf1 Nxe4 31. Rxa7 Rc1 32. Qa6 Qxf2 33.
Qc8+ Rxc8 34. Ra8 Rxa8 35. a4 Rc8 36. Ne1 Qxe1 37. h4 Qxh4+ 38. Kg1 {
Hossa resigns} 0-1

[Event "ICS rated blitz match"]
[Site "204.178.125.65"]
[Date "2001.09.10"]
[Round "?"]
[White "Hossa"]
[Black "kyrios"]
[Result "1-0"]
[WhiteElo "2579"]
[BlackElo "2338"]
[PlyCount "54"]
[EventDate "2001.??.??"]

1. d4 Nf6 2. Nf3 g6 3. c4 c5 4. dxc5 Na6 5. Be3 Bg7 6. Bd4 O-O 7. Nc3 Qa5 8. a3
Ne4 9. Bxg7 Kxg7 10. b4 Nxb4 11. axb4 Qxb4 12. Rc1 e5 13. Qa4 Qb2 14. Qc2 Qxc2
15. Rxc2 Nxc5 16. Nd5 d6 17. Nc7 Rb8 18. Nb5 Bf5 19. Ra2 Rfd8 20. Rxa7 Ra8 21.
Rxa8 Rxa8 22. Nxd6 Ra1+ 23. Kd2 Ra2+ 24. Kc3 Rc2+ 25. Kb4 b6 26. Nxf5+ gxf5 27.
Nxe5 Rb2+ {kyrios resigns} 1-0

[Event "ICS rated blitz match"]
[Site "204.178.125.65"]
[Date "2001.09.10"]
[Round "?"]
[White "Goteborg"]
[Black "Hossa"]
[Result "1-0"]
[WhiteElo "2769"]
[BlackElo "2585"]
[PlyCount "117"]
[EventDate "2001.??.??"]

1. e4 c5 2. Nf3 d6 3. d4 cxd4 4. Nxd4 Nf6 5. Nc3 a6 6. Bg5 e6 7. f4 Qb6 8. Qd2
Qxb2 9. Rb1 Qa3 10. f5 b5 11. Bd3 Be7 12. O-O O-O 13. Nb3 b4 14. Ne2 exf5 15.
exf5 Bb7 16. Ned4 Re8 17. Nc1 Ne4 18. Bxe4 Bxg5 19. Qxg5 h6 20. Bxb7 hxg5 21.
Rb3 Qa5 22. Bxa8 Qc5 23. Rd1 g4 24. g3 a5 25. Bg2 a4 26. Rbd3 d5 27. Kh1 Nd7
28. R3d2 Ne5 29. Bf1 Rb8 30. Re1 Nf3 31. Nxf3 gxf3 32. Bd3 Qa5 33. Red1 Qb6 34.
Rf1 Re8 35. Rdf2 Kf8 36. Rxf3 Qc5 37. f6 g6 38. Rf4 Rb8 39. Kg2 Qc3 40. R4f3
Qe5 41. R3f2 Rb7 42. Rf4 Qc3 43. Rh4 Kg8 44. Ne2 Qb2 45. Nd4 Rc7 46. Re1 Rc8
47. Nc6 Qxf6 48. Ne7+ Kf8 49. Nxc8 b3 50. axb3 Qc3 51. Re7 a3 52. Rh7 Kg8 53.
Rhxf7 a2 54. Nd6 Qc6 55. Rf6 Qxd6 56. Rxd6 Kf8 57. Ra7 Ke8 58. Bxg6+ Kf8 59.
Rd8# {Hossa checkmated} 1-0

[Event "ICS rated blitz match"]
[Site "204.178.125.65"]
[Date "2001.09.10"]
[Round "?"]
[White "Hossa"]
[Black "QueenMaxima"]
[Result "1-0"]
[WhiteElo "2577"]
[BlackElo "2506"]
[PlyCount "121"]
[EventDate "2001.??.??"]

1. e4 c6 2. d4 Qa5+ 3. Nc3 Nf6 4. Bd3 d5 5. e5 Ne4 6. Bxe4 dxe4 7. Nge2 c5 8.
d5 Nd7 9. Bf4 g5 10. Bd2 Nxe5 11. Nxe4 Qb6 12. Bc3 Bg7 13. Nxg5 h6 14. Ne4 Qg6
15. N2g3 b6 16. Qe2 Bg4 17. f3 Bd7 18. Nf2 f6 19. f4 Nf7 20. O-O-O Nd6 21. Rde1
Qf7 22. Nh5 Rg8 23. g4 Nb5 24. h3 Nxc3 25. bxc3 f5 26. d6 Bf8 27. gxf5 O-O-O
28. dxe7 Bxe7 29. Qxe7 Qxh5 30. Ne4 Qf3 31. Ref1 Qg2 32. Nd6+ Kb8 33. Rhg1 Qxg1
34. Rxg1 Rxg1+ 35. Kb2 Kc7 36. Nb5+ Kc8 37. Nxa7+ Kc7 38. Nb5+ Kc8 39. Nd6+ Kc7
40. f6 Rgg8 41. f7 Rgf8 42. Nc4 Kb7 43. Ne5 Kc7 44. a3 h5 45. h4 Rh8 46. Nxd7
Rxd7 47. Qe5+ Kb7 48. Qxh8 Rxf7 49. f5 Ka7 50. Qe8 Rg7 51. f6 Rg4 52. Qd7+ Ka6
53. Qc8+ Ka5 54. Qa8+ Kb5 55. Qe8+ Ka6 56. f7 Rf4 57. Qa8+ Kb5 58. f8=Q Re4 59.
a4+ Rxa4 60. Qfe8+ Kc4 61. Qexa4# {QueenMaxima checkmated} 1-0

[Event "ICS Rated blitz match"]
[Site "204.178.125.65"]
[Date "2001.09.10"]
[Round "?"]
[White "Hossa"]
[Black "RivalChess"]
[Result "1-0"]
[WhiteElo "2590"]
[BlackElo "2193"]
[PlyCount "59"]
[EventDate "2001.??.??"]

1. d4 d5 2. c4 dxc4 3. e3 b5 4. a4 e5 5. Qf3 c6 6. axb5 Bb4+ 7. Bd2 Bxd2+ 8.
Nxd2 exd4 9. Bxc4 Be6 10. bxc6 dxe3 11. fxe3 Qc7 12. Bxe6 fxe6 13. Qg4 e5 14.
Qe6+ Kf8 15. Ngf3 Qxc6 16. Ng5 Qe8 17. Qd6+ Qe7 18. O-O+ Nf6 19. Qd5 Nc6 20.
Qxc6 Rb8 21. Nde4 Kg8 22. Nxf6+ gxf6 23. Rxf6 Qe8 24. Qd5+ Kg7 25. Re6 Qxe6 26.
Nxe6+ Kh6 27. Qxe5 Rhg8 28. Qf6+ Kh5 29. Ra5+ Kg4 30. Qf4# {
RivalChess checkmated} 1-0

[Event "ICS rated blitz match"]
[Site "204.178.125.65"]
[Date "2001.09.10"]
[Round "?"]
[White "Hossa"]
[Black "Rexhead"]
[Result "1/2-1/2"]
[WhiteElo "2593"]
[BlackElo "2606"]
[PlyCount "221"]
[EventDate "2001.??.??"]

1. e4 e5 2. Nf3 Nc6 3. Bb5 a6 4. Bxc6 dxc6 5. O-O f6 6. d4 Bg4 7. dxe5 Qxd1 8.
Rxd1 fxe5 9. Nbd2 Bd6 10. Nc4 Nf6 11. Rd3 O-O 12. Nfxe5 Be2 13. Re3 Bxc4 14.
Nxc4 Bc5 15. Re2 Rae8 16. e5 Ng4 17. Be3 Nxe3 18. Nxe3 Rxe5 19. Rd1 Rfe8 20.
Rd7 Bb6 21. g3 Kf8 22. Kg2 R8e6 23. Rd3 Kf7 24. h3 h6 25. a3 g6 26. Rd7+ Ke8
27. Rh7 Bxe3 28. fxe3 Rxe3 29. Rxe3 Rxe3 30. Kf2 Re6 31. Rxh6 c5 32. Kf3 c4 33.
Rh7 Kd8 34. Rh4 Rb6 35. Rd4+ Kc8 36. Rxc4 Rxb2 37. Ke4 Kd7 38. Ke5 b5 39. Rg4
Rxc2 40. Rxg6 Rc3 41. Rxa6 Rxg3 42. h4 Rh3 43. a4 b4 44. Rh6 b3 45. Rh8 Rh1 46.
Rb8 Rxh4 47. Rxb3 Rxa4 48. Rd3+ Kc6 49. Rc3+ Kb6 50. Kd5 Ra5+ 51. Kd4 Rg5 52.
Rb3+ Kc6 53. Re3 Rg4+ 54. Kc3 Kb5 55. Re5+ c5 56. Kc2 Rg2+ 57. Kc1 Kb4 58. Re4+
c4 59. Re3 Rh2 60. Rf3 c3 61. Rf5 Kc4 62. Rg5 Rf2 63. Rh5 Rg2 64. Re5 Kd4 65.
Rf5 Rg4 66. Rf1 Kd3 67. Rd1+ Kc4 68. Rd6 Rg1+ 69. Kc2 Rg2+ 70. Kd1 Rf2 71. Rc6+
Kd3 72. Rd6+ Ke3 73. Re6+ Kd4 74. Kc1 Ra2 75. Rd6+ Kc4 76. Rc6+ Kb4 77. Rb6+
Kc5 78. Rf6 Rg2 79. Rf5+ Kd4 80. Rf4+ Kd3 81. Rf3+ Kc4 82. Rf7 Kb3 83. Rb7+ Ka3
84. Ra7+ Kb4 85. Rc7 Rf2 86. Rb7+ Kc4 87. Rd7 Ra2 88. Rc7+ Kd3 89. Kb1 Rb2+ 90.
Kc1 Rc2+ 91. Kd1 Rd2+ 92. Kc1 Re2 93. Rd7+ Kc4 94. Kd1 Rb2 95. Rc7+ Kb3 96.
Rb7+ Ka2 97. Rc7 Rd2+ 98. Kc1 Kb3 99. Rb7+ Kc4 100. Re7 Rh2 101. Rc7+ Kd3 102.
Rd7+ Ke4 103. Re7+ Kd4 104. Rf7 Re2 105. Rf4+ Kd3 106. Rf3+ Kc4 107. Kd1 Rd2+
108. Kc1 Kb3 109. Rf5 Rc2+ 110. Kd1 Rg2 111. Rb5+ {
Game drawn by the 50 move rule} 1/2-1/2

[Event "ICS rated blitz match"]
[Site "204.178.125.65"]
[Date "2001.09.10"]
[Round "?"]
[White "Goteborg"]
[Black "Hossa"]
[Result "1-0"]
[WhiteElo "2752"]
[BlackElo "2594"]
[PlyCount "96"]
[EventDate "2001.??.??"]

1. e4 c5 2. Nf3 d6 3. d4 cxd4 4. Nxd4 Nf6 5. Nc3 a6 6. Bg5 e6 7. f4 Qb6 8. Qd2
Qxb2 9. Rb1 Qa3 10. f5 b5 11. Bd3 Be7 12. O-O O-O 13. Nb3 b4 14. Ne2 exf5 15.
exf5 Bb7 16. Ned4 Re8 17. Nc1 Ne4 18. Bxe4 Bxg5 19. Qxg5 h6 20. Bxb7 hxg5 21.
Rb3 Qa5 22. Bxa8 Qc5 23. Rd3 Qa7 24. Bf3 g4 25. Bxg4 Re4 26. Ncb3 Rxg4 27. Re1
Rh4 28. Re8+ Kh7 29. g3 Rg4 30. h3 Rg5 31. Rde3 Rh5 32. Rc8 g6 33. Ree8 Nd7 34.
Re7 Kg7 35. Rd8 Qb6 36. Rdxd7 Kh6 37. Rxf7 d5 38. Rh7+ Kg5 39. Rxh5+ Kxh5 40.
Rh7+ Kg5 41. Rg7 Kh5 42. g4+ Kh6 43. Rxg6+ Qxg6 44. fxg6 Kxg6 45. Nc5 a5 46.
Nc6 Kg5 47. Nxa5 Kf6 48. h4 Kg6 {Hossa resigns} 1-0

[Event "ICS rated blitz match"]
[Site "204.178.125.65"]
[Date "2001.09.10"]
[Round "?"]
[White "Hossa"]
[Black "porking"]
[Result "1-0"]
[WhiteElo "2585"]
[BlackElo "2164"]
[PlyCount "77"]
[EventDate "2001.??.??"]

1. d4 d5 2. c4 c6 3. cxd5 cxd5 4. Nf3 Nf6 5. Nc3 Nc6 6. Bf4 Bf5 7. e3 e6 8. Rc1
a6 9. Be2 Bd6 10. Bxd6 Qxd6 11. Nh4 Bg6 12. Nxg6 hxg6 13. g3 Rc8 14. h3 Nh5 15.
g4 Nf6 16. h4 g5 17. h5 g6 18. Kd2 gxh5 19. gxh5 Na5 20. Qe1 Nc4+ 21. Bxc4 Rxc4
22. Qe2 b5 23. b3 Rc7 24. Qf3 Ke7 25. Qe2 Qb4 26. Kd3 Rhc8 27. Qd2 Rxc3+ 28.
Rxc3 Ne4 29. Rc7+ Rxc7 30. Qxb4+ Kf6 31. Rh2 Rc1 32. h6 Rd1+ 33. Kc2 Nxf2 34.
Rxf2+ Kg6 35. Qf8 Rd2+ 36. Kxd2 f5 37. Qg7+ Kh5 38. Rg2 g4 39. Rh2# {
porking checkmated} 1-0

[Event "ICS rated blitz match"]
[Site "204.178.125.65"]
[Date "2001.09.10"]
[Round "?"]
[White "winner3"]
[Black "Hossa"]
[Result "1-0"]
[WhiteElo "2805"]
[BlackElo "2585"]
[PlyCount "137"]
[EventDate "2001.??.??"]

1. e4 c5 2. Nf3 d6 3. d4 cxd4 4. Nxd4 Nf6 5. Nc3 a6 6. Be3 g6 7. f3 Bg7 8. Qd2
O-O 9. O-O-O Nc6 10. g4 Bd7 11. h4 Qc7 12. Nxc6 bxc6 13. h5 gxh5 14. g5 Ng4 15.
fxg4 Bxg4 16. Re1 Qa5 17. Bc4 Qb4 18. Bb3 Bxc3 19. Qxc3 Qxc3 20. bxc3 Kg7 21.
e5 dxe5 22. Bc5 Bf3 23. Rh4 f6 24. gxf6+ Kxf6 25. Rf1 Kg6 26. Bxe7 Rfe8 27.
Rxf3 Rxe7 28. Rg3+ Kf5 29. Rxh5+ Kf4 30. Rgh3 Rh8 31. Kd2 a5 32. Ke2 e4 33.
Rxa5 Rd8 34. a4 Rc8 35. Rah5 Rf8 36. a5 Ra8 37. Bc4 Rg7 38. R3h4+ Rg4 39. a6
Ra7 40. Rxg4+ Kxg4 41. Rh6 Rc7 42. Rf6 Kg5 43. Rf7 Rc8 44. Rxh7 Kf4 45. Rh4+
Ke5 46. Ke3 Kd6 47. Kd4 e3 48. Rh6+ Kc7 49. Rh7+ Kd6 50. a7 Re8 51. Be2 Ra8 52.
Bg4 c5+ 53. Kxe3 Re8+ 54. Kd3 Ke5 55. Bf3 Kf4 56. a8=Q Rxa8 57. Bxa8 Ke5 58.
Rh5+ Kd6 59. c4 Ke6 60. Rxc5 Kd6 61. Rc8 Ke5 62. c5 Kf5 63. c6 Ke5 64. Rd8 Ke6
65. c7 Ke5 66. c8=Q Kf6 67. Qg4 Kf7 68. Qg5 Ke6 69. Bd5# {Hossa checkmated} 1-0

[Event "ICS rated blitz match"]
[Site "204.178.125.65"]
[Date "2001.09.10"]
[Round "?"]
[White "Clemente"]
[Black "Hossa"]
[Result "1-0"]
[WhiteElo "2513"]
[BlackElo "2579"]
[PlyCount "154"]
[EventDate "2001.??.??"]

1. d4 Nf6 2. Nf3 d5 3. c4 c6 4. Nc3 e6 5. e3 Nbd7 6. Bd3 dxc4 7. Bxc4 Nb6 8.
Bd3 c5 9. O-O cxd4 10. exd4 Be7 11. Bg5 Nfd5 12. Bb5+ Bd7 13. Bxd7+ Qxd7 14.
Ne5 Qd6 15. Bxe7 Qxe7 16. Nxd5 Nxd5 17. Qa4+ Kf8 18. Rfe1 Qb4 19. Qc2 Qe7 20.
Rac1 g6 21. Qb3 Rd8 22. Rc5 a6 23. Ng4 b6 24. Rc6 Kg7 25. Ne5 Rhf8 26. a3 Qh4
27. Qd3 a5 28. Rec1 Kg8 29. Qe2 Nf4 30. Qe3 Nd5 31. Nf3 Nxe3 32. Nxh4 Nd5 33.
g3 Kg7 34. f4 Kf6 35. Kf2 h6 36. Nf3 g5 37. fxg5+ hxg5 38. Ne5 Rh8 39. Kf3 Kg7
40. R1c2 f5 41. Re2 Kf6 42. Nc4 g4+ 43. Kg2 Rhe8 44. Re5 f4 45. Kf2 f3 46. Nd6
Rh8 47. Ne4+ Kg7 48. Kg1 Rc8 49. Rg5+ Kf7 50. Rxc8 Rxc8 51. Rxg4 Rc1+ 52. Kf2
Rc2+ 53. Kxf3 Rxb2 54. Ng5+ Kf6 55. h4 Rb3+ 56. Kf2 Rxa3 57. Re4 Ra2+ 58. Kf3
Ra3+ 59. Kf2 Ra2+ 60. Ke1 Nc7 61. Rf4+ Ke7 62. g4 Kd6 63. h5 Nd5 64. Rf3 Nb4
65. h6 Ra1+ 66. Kf2 Rc1 67. h7 Rc8 68. Nf7+ Kd5 69. g5 a4 70. g6 a3 71. Rxa3
Rc2+ 72. Kg3 Rc1 73. h8=Q Nc6 74. g7 Rg1+ 75. Kf2 Rxg7 76. Qh1+ Kxd4 77. Qd1+
Kc5 {Hossa resigns} 1-0

[Event "ICS rated standard match"]
[Site "204.178.125.65"]
[Date "2001.09.10"]
[Round "?"]
[White "Hossa"]
[Black "winner3"]
[Result "0-1"]
[WhiteElo "2225"]
[BlackElo "2542"]
[PlyCount "151"]
[EventDate "2001.??.??"]

1. e4 e6 2. d4 d5 3. exd5 exd5 4. Bd3 Bd6 5. Nf3 Ne7 6. O-O O-O 7. Re1 Bf5 8.
Bxf5 Nxf5 9. Nc3 c6 10. Qd3 Nh4 11. Ng5 Ng6 12. Bd2 h6 13. Nf3 Nd7 14. Qf5 Nb6
15. Ne2 Nc4 16. Bc3 Nh4 17. Nxh4 Qxh4 18. g3 Qe4 19. Qxe4 dxe4 20. a4 f5 21. b3
Nb6 22. Bd2 Nd5 23. c4 Nf6 24. a5 a6 25. Kg2 Rad8 26. h4 Rfe8 27. Ra2 Kf7 28.
Rb2 Ng4 29. Be3 Bb4 30. Ra1 Re7 31. Ra4 Bd6 32. Nc3 Red7 33. b4 Be7 34. Ra1 Bf6
35. Ne2 g6 36. Rh1 Bg7 37. Rc1 Bh8 38. Rh1 Bf6 39. Rbb1 Bg7 40. Rb2 Ke7 41. Rb3
Rg8 42. Rbb1 Kf7 43. Rb3 Rc8 44. Rb2 Ra8 45. Rb3 Rb8 46. Rb2 Rc8 47. Rbb1 Re8
48. Rb2 Rd6 49. Rd2 Rc8 50. Bf4 Rd7 51. d5 cxd5 52. cxd5 Rc4 53. Rb1 Ne5 54.
Bxe5 Bxe5 55. Rdd1 g5 56. hxg5 hxg5 57. Rd2 f4 58. gxf4 gxf4 59. Kf1 f3 60. Nc1
Ke8 61. d6 Rh7 62. Kg1 Bh2+ 63. Kf1 Bxd6 64. Kg1 Rcc7 65. Ne2 fxe2 66. f4 Rcg7+
67. Kf2 Bxf4 68. Rxe2 Rh2+ 69. Kf1 Rh1+ 70. Kf2 Bg3+ 71. Ke3 Rxb1 72. Kd4 Rd1+
73. Kc4 Rc7+ 74. Kb3 Rd3+ 75. Ka4 e3 76. Rg2 {Hossa resigns} 0-1

[Event "ICS rated blitz match"]
[Site "204.178.125.65"]
[Date "2001.09.10"]
[Round "?"]
[White "Hossa"]
[Black "vladya"]
[Result "1-0"]
[WhiteElo "2560"]
[BlackElo "2478"]
[PlyCount "87"]
[EventDate "2001.??.??"]

1. e4 e6 2. d4 d5 3. Nc3 Bb4 4. e5 Ne7 5. a3 Bxc3+ 6. bxc3 c5 7. Qg4 O-O 8. Nf3
f5 9. exf6 Rxf6 10. Ne5 Nbc6 11. Bd3 h6 12. O-O c4 13. Be2 Qf8 14. f4 Nxe5 15.
fxe5 Rxf1+ 16. Bxf1 Nf5 17. Rb1 b6 18. Qd1 Bd7 19. Be2 Qf7 20. Bh5 Qe7 21. Ra1
Be8 22. Be2 Qh4 23. Bg4 Bg6 24. g3 Qe7 25. Qe2 Qd7 26. Bd2 Qf7 27. Rf1 Qe7 28.
Bc1 Rf8 29. Bh3 Qe8 30. Qf2 Rf7 31. Qg2 Kh7 32. Qe2 Qa4 33. Bg4 Qb5 34. Bh5
Bxh5 35. Qxh5 g6 36. Qh3 Qa4 37. Rxf5 gxf5 38. Qxh6+ Kg8 39. Qg6+ Kf8 40. Bh6+
Ke7 41. Bg5+ Kf8 42. Qxe6 Qd7 43. Qh6+ Kg8 44. e6 {vladya resigns} 1-0

[Event "ICS rated blitz match"]
[Site "204.178.125.65"]
[Date "2001.09.10"]
[Round "?"]
[White "Hossa"]
[Black "NewHal9000"]
[Result "1-0"]
[WhiteElo "2562"]
[BlackElo "2846"]
[PlyCount "151"]
[EventDate "2001.??.??"]

1. d4 Nf6 2. Nf3 g6 3. g3 Bg7 4. Bg2 O-O 5. O-O d6 6. a4 a5 7. Nc3 Nbd7 8. Bg5
h6 9. Bd2 c5 10. Qc1 g5 11. Nb5 Ne4 12. Be3 cxd4 13. Nfxd4 Ndc5 14. Ra3 Bd7 15.
Nb3 Bc6 16. Bxc5 Nxc5 17. Nxc5 Bxg2 18. Kxg2 dxc5 19. Rd1 Qb6 20. Rad3 Rad8 21.
R3d2 Rxd2 22. Rxd2 Qe6 23. c4 Qc8 24. Qd1 Qc6+ 25. f3 Be5 26. b3 e6 27. Rd8 Qb6
28. Rd7 Qc6 29. Qd2 b6 30. Qd3 g4 31. Na7 Qa8 32. Qd2 Kg7 33. Qe3 Bb8 34. Nb5
Qc6 35. Qd3 Be5 36. Kg1 Kg8 37. Kh1 Bb2 38. Rd6 Qb7 39. Qd1 Be5 40. Rd7 Qc6 41.
Kg2 Kg7 42. Na7 Qa8 43. e4 Kg6 44. h3 f5 45. exf5+ exf5 46. Qd5 Qxd5 47. cxd5
gxh3+ 48. Kxh3 Rf7 49. Nc6 Bf6 50. Rxf7 Kxf7 51. f4 Ke8 52. Ne5 Bd8 53. d6 h5
54. d7+ Ke7 55. Kh4 Bc7 56. Nc4 Kxd7 57. Kxh5 Kc6 58. Ne3 b5 59. Kg6 c4 60.
axb5+ Kxb5 61. bxc4+ Kb4 62. Kxf5 a4 63. g4 Bb6 64. Nd5+ Kb3 65. Nxb6 a3 66. c5
a2 67. Nd7 a1=Q 68. Ne5 Qb1+ 69. Ke6 Qe4 70. c6 Qxf4 71. c7 Qc1 72. Kd7 Qd2+
73. Kc6 Qg2+ 74. Kb6 Qf2+ 75. Kb7 Qf3+ 76. Nxf3 {NewHal9000 resigns} 1-0

[Event "ICS rated blitz match"]
[Site "204.178.125.65"]
[Date "2001.09.11"]
[Round "?"]
[White "ExtremeGambit"]
[Black "Hossa"]
[Result "1-0"]
[WhiteElo "2784"]
[BlackElo "2589"]
[PlyCount "148"]
[EventDate "2001.??.??"]

1. e4 c5 2. Nf3 d6 3. d4 cxd4 4. Nxd4 Nf6 5. Nc3 a6 6. Be3 g6 7. f3 Bg7 8. Qd2
O-O 9. Bc4 Qc7 10. Nd5 Nxd5 11. Bxd5 a5 12. Nb5 Qd7 13. Nc3 e6 14. Bc4 Qc6 15.
Be2 a4 16. a3 Bxc3 17. bxc3 f5 18. exf5 Rxf5 19. c4 Nd7 20. Rd1 d5 21. Qd4 Qd6
22. O-O Qxa3 23. Bd3 e5 24. Qxd5+ Rf7 25. c5 Qc3 26. Qc4 Qa5 27. Qa2 Kg7 28.
Bh6+ Kxh6 29. Qxf7 Qxc5+ 30. Kh1 Qf8 31. Qxf8+ Nxf8 32. Rb1 Nd7 33. Bc4 a3 34.
Rb4 Kg5 35. Ra1 Nf6 36. Bb3 Bd7 37. Rxb7 h5 38. c4 h4 39. Rb6 Bf5 40. Rb4 Bd7
41. Bc2 h3 42. gxh3 Bc6 43. Kg1 Bxf3 44. Rb3 e4 45. Raxa3 Rf8 46. Ra6 Be2 47.
Rc6 Nh5 48. Rb1 Bd3 49. Bxd3 exd3 50. Rb5+ Kh6 51. Rd6 Nf4 52. Kf2 Nd5+ 53. Ke1
Re8+ 54. Kd2 Nf4 55. Rd4 Re2+ 56. Kd1 Rf2 57. c5 g5 58. c6 Rf1+ 59. Kd2 Rf2+
60. Ke3 Rxh2 61. c7 Rc2 62. Rd6+ Kh5 63. Rb8 Nxh3 64. c8=Q Rxc8 65. Rxc8 Kg4
66. Rxd3 Kf5 67. Rd5+ Kg6 68. Rh8 Nf4 69. Rg8+ Kf7 70. Rdxg5 Ne6 71. R5g6 Ke7
72. Ke4 Nd8 73. Kf5 Nf7 74. Re6+ Kd7 {Hossa resigns} 1-0

[Event "ICS Rated blitz match"]
[Site "204.178.125.65"]
[Date "2001.09.11"]
[Round "?"]
[White "IgorIvanov"]
[Black "Hossa"]
[Result "0-1"]
[WhiteElo "2459"]
[BlackElo "2581"]
[PlyCount "90"]
[EventDate "2001.??.??"]

1. d4 e6 2. c4 Nf6 3. Nf3 Be7 4. Nc3 O-O 5. e4 d5 6. e5 Ne4 7. Bd3 Nxc3 8. bxc3
dxc4 9. Bxc4 c5 10. h4 cxd4 11. cxd4 Nc6 12. Bg5 Qa5+ 13. Kf1 f6 14. exf6 Bxf6
15. Bxf6 Rxf6 16. Qe2 b5 17. Bb3 Rb8 18. Rd1 b4 19. Kg1 Ne7 20. Ng5 Nd5 21. Qe5
Rb5 22. Rh3 Nf4 23. Qe3 Nxh3+ 24. Nxh3 Rh5 25. g3 Rhf5 26. Nf4 Rxf4 27. gxf4
Qh5 28. d5 Rg6+ 29. Kf1 Ba6+ 30. Ke1 Rg1+ 31. Kd2 Rxd1+ 32. Bxd1 Qxd5+ 33. Ke1
Qxa2 34. Qxa7 Qc4 35. Qb8+ Kf7 36. Qa7+ Kf6 37. Qe3 Qc3+ 38. Qxc3+ bxc3 39. Bc2
g6 40. f3 Ke7 41. Kf2 Kd6 42. Ke3 Kc5 43. f5 gxf5 44. f4 Kb4 45. Kd4 Bc4 {
IgorIvanov resigns} 0-1

[Event "ICS rated blitz match"]
[Site "204.178.125.65"]
[Date "2001.09.11"]
[Round "?"]
[White "Hossa"]
[Black "IgorIvanov"]
[Result "1-0"]
[WhiteElo "2592"]
[BlackElo "2440"]
[PlyCount "43"]
[EventDate "2001.??.??"]

1. e4 c5 2. Nf3 Nc6 3. Bb5 g6 4. Bxc6 dxc6 5. d3 Bg7 6. h3 b6 7. O-O Nf6 8. Nc3
O-O 9. Be3 Ne8 10. Qd2 Nc7 11. Bh6 Ne6 12. Bxg7 Kxg7 13. Ne2 Ba6 14. Ne5 Qd6
15. Ng4 h5 16. Ne3 Rad8 17. f4 Nd4 18. Ng3 h4 19. Nh1 c4 20. c3 Ne6 21. d4 Nxf4
22. Rxf4 {IgorIvanov resigns} 1-0

[Event "ICS rated blitz match"]
[Site "204.178.125.65"]
[Date "2001.09.11"]
[Round "?"]
[White "Hossa"]
[Black "IgorIvanov"]
[Result "1-0"]
[WhiteElo "2601"]
[BlackElo "2444"]
[PlyCount "61"]
[EventDate "2001.??.??"]

1. e4 e6 2. d4 d5 3. Nc3 dxe4 4. Nxe4 Nd7 5. Nf3 Ngf6 6. Bd3 Nxe4 7. Bxe4 Nf6
8. Bg5 Be7 9. Bd3 c5 10. dxc5 Bxc5 11. Qd2 h6 12. Bxf6 Qxf6 13. Bb5+ Ke7 14.
O-O-O a6 15. Be2 Re8 16. Rhf1 Kf8 17. g4 Kg8 18. g5 hxg5 19. Nxg5 e5 20. Bc4
Be6 21. Bxe6 fxe6 22. Ne4 Qe7 23. Qe2 Rad8 24. Qh5 Bb6 25. Ng5 Qf6 26. Rd3 e4
27. Rh3 Qf4+ 28. Kb1 Kf8 29. Qh8+ Ke7 30. Qxg7+ Kd6 31. Nf7+ {
IgorIvanov resigns} 1-0

[Event "ICS rated blitz match"]
[Site "204.178.125.65"]
[Date "2001.09.11"]
[Round "?"]
[White "RAFFAELE"]
[Black "Hossa"]
[Result "0-1"]
[WhiteElo "2286"]
[BlackElo "2610"]
[PlyCount "44"]
[EventDate "2001.??.??"]

1. d4 d5 2. Nf3 Nf6 3. c4 dxc4 4. Nc3 a6 5. a4 Bf5 6. Ne5 e6 7. f3 c5 8. e4
Bxe4 9. fxe4 cxd4 10. Bxc4 Qd6 11. Nd3 dxc3 12. e5 Qc6 13. O-O Qxc4 14. exf6 c2
15. Qf3 g6 16. Qxb7 Qxd3 17. Bf4 Qd5 18. Qc8+ Qd8 19. Qxc2 Nd7 20. Rad1 Qc8 21.
Qe2 Bc5+ 22. Kh1 O-O {RAFFAELE resigns} 0-1